000 00334nam a22001337a 4500
008 170127b xxu||||| |||| 00| 0 eng d
020 _a9780815136279
041 _aeng
080 _a61
100 _a3
101 _aSHM
245 _aADVANCED HEALTH ASSESSMENT AND CLINICAL DIAGNOSIS IN PRIMARY CARE
_cSCHEIBEL, D.M
942 _2udc
_cBK
999 _c3897
_d3897